Effect of manure fertilizer on on watermelon yield at tramkok district takeo province ឥទ្ធិពលនៃប្រភេទជីធម្មជាតិទៅលើទិននផលឪឡឹកនៅស្រុកត្រាំកក់ ខេត្តតាកែវ (Record no. 1217)
[ view plain ]
| 000 -LEADER | |
|---|---|
| fixed length control field | 00642nam a22001577a 4500 |
| 003 - CONTROL NUMBER IDENTIFIER | |
| control field | OSt |
| 005 - DATE AND TIME OF LATEST TRANSACTION | |
| control field | 20150924163945.0 |
| 008 - FIXED-LENGTH DATA ELEMENTS--GENERAL INFORMATION | |
| fixed length control field | 150924b xxu||||| |||| 00| 0 eng d |
| 040 ## - CATALOGING SOURCE | |
| Transcribing agency | RUA |
| 082 ## - DEWEY DECIMAL CLASSIFICATION NUMBER | |
| Classification number | AGR CHH 2012 B051 Or.1 |
| 100 ## - MAIN ENTRY--PERSONAL NAME | |
| 9 (RLIN) | 1284 |
| Personal name | CHHEM, PHENG. |
| 245 ## - TITLE STATEMENT | |
| Title | Effect of manure fertilizer on on watermelon yield at tramkok district takeo province ឥទ្ធិពលនៃប្រភេទជីធម្មជាតិទៅលើទិននផលឪឡឹកនៅស្រុកត្រាំកក់ ខេត្តតាកែវ |
| 260 ## - PUBLICATION, DISTRIBUTION, ETC. (IMPRINT) | |
| Place of publication, distribution, etc. | Phnom Penh |
| Name of publisher, distributor, etc. | RUA |
| Date of publication, distribution, etc. | 2012 |
| 300 ## - PHYSICAL DESCRIPTION | |
| Extent | x; 57p. |
| Other physical details | ill. |
| Dimensions | 29cm. |
| 942 ## - ADDED ENTRY ELEMENTS (KOHA) | |
| Source of classification or shelving scheme | |
| Koha item type | AGR |
| Price effective from | Date last seen | Permanent Location | Not for loan | Date acquired | Source of classification or shelving scheme | Koha item type | Lost status | Withdrawn status | Total Renewals | Date last checked out | Total Checkouts | Shelving location | Damaged status | Barcode | Current Location | Full call number |
|---|---|---|---|---|---|---|---|---|---|---|---|---|---|---|---|---|
| 2015-09-24 | 2024-03-22 | Library Block B | 2015-09-24 | AGR | 1 | 2024-03-18 | 3 | B051 | RUA000485 | Library Block B | AGR CHH 2012 B051 Or.1 | |||||
| 2015-09-24 | 2015-09-24 | Library Block B | 2015-09-24 | AGR | B051 | RUA000265 | Library Block B | AGR CHH 2012 B051 Or.2 | ||||||||
| 2015-09-24 | 2024-06-27 | Library Block B | 2015-09-24 | AGR | 2024-06-17 | 1 | B051 | RUA000288 | Library Block B | AGR CHH 2012 B051 Or.3 | ||||||
| 2015-09-24 | 2024-11-12 | Library Block B | 2015-09-24 | AGR | 2 | 2024-10-25 | 4 | B051 | RUA000413 | Library Block B | AGR CHH 2012 B051 Or.4 | |||||
| 2015-09-24 | 2024-12-27 | Library Block B | 2015-09-24 | AGR | 2024-12-06 | 4 | B051 | RUA005643 | Library Block B | AGR CHH 2012 B051 Or.7 | ||||||
| 2015-09-25 | 2021-01-29 | Library Block B | 2015-09-25 | AGR | 1 | 2021-01-26 | 5 | RUA015305 | Library Block B | AGR CHH 2012 B051 Or.8 | ||||||
| 2016-05-18 | 2025-07-14 | Library Block B | 2016-05-18 | AGR | 1 | 2025-07-10 | 6 | RUA005451 | Library Block B | AGR CHH 2012 B051 Or.6 |